O víře v boha /
Uložené v:
| Hlavný autor: | |
|---|---|
| Médium: | Kniha |
| Jazyk: | Czech |
| Vydané: |
Praha :
Státní nakladatelství politické literatury,
1961.
|
| Vydanie: | 1. vyd. |
| ISBN: |
(brož.) |
| Fyzický popis: |
89 s. |
| Tagy: |
Pridať tag
Žiadne tagy, Buďte prvý kto otaguje tento záznam!
|
Titul je dostupný aj v ... 

MARC
| LEADER | 00000nam a22000004a 4500 | ||
|---|---|---|---|
| 001 | 000425607 | ||
| 005 | 20130705103019.0 | ||
| 008 | 130705s1961 xr e 000 0 cze d | ||
| 020 | |a (brož.) |c Kčs 3,05 | ||
| 040 | |a SVKKK |b slo |c SVKKK |e AACR2 | ||
| 041 | 0 | |a cze | |
| 044 | |a xr |c CZ | ||
| 100 | 1 | |a Kolman, Arnošt, |d 1892-1979 |4 aut | |
| 245 | 1 | 0 | |a O víře v boha / |c Arnošt Kolman. |
| 250 | |a 1. vyd. | ||
| 260 | |a Praha : |b Státní nakladatelství politické literatury, |c 1961. | ||
| 300 | |a 89 s. | ||
| 910 | |a svkkk | ||
| 998 | |a BK | ||
| 090 | |g SCKHL |k Sklad Hlavná 10 suterén |a I.20744 |j 268707 |i 425607-10 |4 Multiplikát |s Vyradená | ||
| 090 | |g SCKHL |k Sklad Hlavná 10 suterén |a I.21952 |j 274340 |i 2720467072 |s Absenčne | ||
| 090 | |g SCKHL |k Sklad Hlavná 10 suterén |a I.21953 |j 274341 |i 425607-50 |4 Multiplikát |s Vyradená | ||
| 090 | |g SCKHL |k Sklad Pribinova prízemie |a I.16303 |j 264500 |i 2720389483 |s Absenčne | ||
| 090 | |g SCKHL |k Sklad Pribinova prízemie |a I0.36 |j 0673 |i 2720422222 |s Absenčne | ||